000 00440nam a2200181Ia 4500
001 2640
005 20260306144821.0
008 260306t2018||||xx |||||||||||||| ||spa||
041 _aESP
082 _a618.928
_bP78
100 _aPortellano, José Antonio
_eAUT
245 0 _aEvaluación neuropsicológica infantil
260 _c2018
300 _a223 páginas :
_c21 cm.
650 _aGEN
654 _aCPS
942 _cLIB
_dJUS
_fJUS
_2ddc
_n
999 _c2640
_d2640